| 000 | 01225cam a22001934a 4500 | ||
|---|---|---|---|
| 005 | 20250605164205.0 | ||
| 008 | 250528s ||||||||||||||||||||||||d | ||
| 035 | _a19905 | ||
| 020 | _a9605122227 | ||
| 040 |
_aGR-AtMCL _bgre _dGR-AtMCL _eAACR2 |
||
| 245 | 1 | _aΕλληνικό Excel 2000 / Γρήγορη Εκμάθηση | |
| 260 |
_bΓκιούρδας Μ, _c2000 |
||
| 300 | _a294 | ||
| 520 | _aΟ καλύτερος και αποτελεσματικότερος τρόπος για να υλοποιήσετε τις εργασίες σας. Εκκίνηση, Επιλογές και Προτιμήσεις στο Excel, Αναδιάταξη των Φύλλων Εργασίας σας, Τα Βασικά για τους Αριθμούς και τους Τύπους, Θέματα Μορφοποίησης, Χειρισμός Μεγάλων Εργασιών, Εισαγωγή στις Συναρτήσεις, Γραφήματα, Γραφικά, Εισαγωγή σε Μακροεντολές, Αυτοματοποίηση Βασισμένη σε Σενάρια, Excel και Internet και Intranets, Ευρετήριο. | ||
| 700 | 1 |
_aMansfield Ron _96060 |
|
| 942 | _cBK | ||
| 999 |
_c5147 _d5147 |
||